[Event "Val Thorens op 32nd"]
[Site "Val Thorens"]
[Date "2006.07.22"]
[Round "8"]
[White "Garlopeau, Brigitte"]
[Black "Mangone, Guiseppe"]
[Result "1-0"]
[WhiteElo "1440"]
[BlackElo "1730"]
[PlyCount "57"]
[EventDate "2006.07.15"]
[EventType "swiss"]
[EventRounds "9"]
[EventCountry "FRA"]
[SourceTitle "EXT 2010"]
[Source "ChessBase"]
[SourceDate "2010.11.25"]
[SourceVersion "1"]
[SourceVersionDate "2010.11.25"]
[SourceQuality "1"]

1. d4 d5 2. Nf3 Nf6 3. c4 e6 4. Nc3 c6 5. e3 Nbd7 6. cxd5 exd5 7. Bd3 Bd6 8. 0-0 Qc7 9. e4 dxe4 10. Nxe4 0-0 11. Nxd6 Qxd6 12. Re1 b6 13. Bg5 Bb7 14. Rc1 Rfe8 15. Qd2 Rxe1+ 16. Rxe1 Rd8 17. Bf4 Qd5 18. b3 c5 19. Bc4 Qc6 20. dxc5 bxc5 21. Bd6 Ne5 22. Rxe5 Rxd6 23. Qe2 Nd7 24. Re8+ Nf8 25. Bxf7+ Kxf7 26. Qe7+ Kg6 27. Qg5+ Kf7 28. Re7+ Kg8 29. Qxg7# 1-0